000 00551nam a2200193Ia 4500
008 220204s9999 xx 000 0 und d
082 _a581.11
_bPIE
100 _aPIETRI-TONELLI, P De
245 0 _aPenetration and translocation of rogor applied to plants
260 _aNew York
_bJohn Wiley
_c1965
490 _aAdvances in pest control research. V 6
650 _aFoliar application
650 _aFruit application
650 _aRogor
650 _aSpray application
650 _aTranslocation
650 _aTwig application
942 _cBK
999 _c21478
_d21478